000 00288nam a22001337a 4500
008 170327b xxu||||| |||| 00| 0 eng d
020 _a9780874344035
041 _aeng
080 _a615.83
100 _a8
101 _aSHYM
245 _aSIGNS SYMPTOMS LOEB.S
_cLOEB.S
942 _2udc
_cBK
999 _c8713
_d8713